Manual de criminalística y ciencias forenses (Record no. 178822)

MARC details
000 -LEADER
campo de control de longitud fija 01150nam a2200289 4500
001 - NÚMERO DE CONTROL
campo de control 178822
003 - IDENTIFICADOR DE NÚMERO DE CONTROL
campo de control ES-MaACL
005 - FECHA Y HORA DE LA ÚLTIMA TRANSACCIÓN
campo de control 20250806060947.0
008 - DATOS DE LONGITUD FIJA--INFORMACIÓN GENERAL
campo de control de longitud fija 110712s2010 sp ao f |||| | spa d
020 ## - NÚMERO INTERNACIONAL ESTÁNDAR DEL LIBRO
Número Internacional Estándar del Libro 978-84-7360-338-6
080 ## - NÚMERO DE LA CLASIFICACIÓN DECIMAL UNIVERSAL
Número de la Clasificación Decimal Universal 343.123.1
080 ## - NÚMERO DE LA CLASIFICACIÓN DECIMAL UNIVERSAL
Número de la Clasificación Decimal Universal 340.6
245 00 - MENCIÓN DEL TÍTULO
Título Manual de criminalística y ciencias forenses
Resto del título : técnicas forenses aplicadas a la investigación criminal /
Mención de responsabilidad, etc. coordinadoras científicas, María José Anadón Baselga, María del Mar Robledo Acinas.
246 30 - FORMA VARIANTE DEL TITULO
Título propio/Titulo breve Técnicas forenses aplicadas a la investigación criminal
260 ## - PUBLICACIÓN, DISTRIBUCIÓN, ETC.
Lugar de publicación, distribución, etc. Madrid :
Nombre del editor, distribuidor, etc. Tébar,
Fecha de publicación, distribución, etc. [2010]
300 ## - DESCRIPCIÓN FÍSICA
Extensión 506 p. :
Otras características físicas il. col. y n., fot. ;
Dimensiones 24 cm.
504 ## - NOTA DE BIBLIOGRAFÍA, ETC.
Nota de bibliografía, etc. Bibliografía: p. 479-506.
650 #7 - PUNTO DE ACCESO ADICIONAL DE MATERIA--TÉRMINO DE MATERIA
Término de materia o nombre geográfico como elemento de entrada Investigación criminal.
9 (RLIN) 136314
650 07 - PUNTO DE ACCESO ADICIONAL DE MATERIA--TÉRMINO DE MATERIA
Término de materia o nombre geográfico como elemento de entrada Medicina legal
Fuente del encabezamiento o término embne
9 (RLIN) 14928
650 #4 - PUNTO DE ACCESO ADICIONAL DE MATERIA--TÉRMINO DE MATERIA
Término de materia o nombre geográfico como elemento de entrada Criminalística.
9 (RLIN) 147321
700 1# - ENTRADA AGREGADA--NOMBRE PERSONAL
Nombre de persona Anadón Baselga, María José.
9 (RLIN) 147319
700 1# - ENTRADA AGREGADA--NOMBRE PERSONAL
Nombre de persona Robledo Acinas, María del Mar.
9 (RLIN) 147320
852 ## - LOCALIZACIÓN
Ubicación ES-MaACL
itemnumber 185686
Sublocalización o colección R.146094
Número de control de estantería A-11339
Ubicación en estantería Depósito 1
Signatura antigua Olim: N-4343
Encuadernación Donación: Editorial
942 ## - ELEMENTOS DE ENTRADA SECUNDARIOS (KOHA)
Fuente del sistema de clasificación o colocación Clasificación decimal universal
Tipo de ítem Koha Libro impreso
Holdings
Estatus retirado Estado de pérdida Fuente del sistema de clasificación o colocación Estado de daño No para préstamo Biblioteca de origen Biblioteca actual Ubicación en estantería Fecha de adquisición Fuente de adquisición Total de préstamos Signatura topográfica completa Código de barras Visto por última vez Precio de reemplazo Tipo de ítem Koha
    Clasificación decimal universal     Biblioteca del Ateneo de Madrid Biblioteca del Ateneo de Madrid Depósito 1 12/07/2011 Donación   A-11339 1187840 23/02/2023 23/02/2023 Libro impreso